World encyclopaedia of nuclear arms control and non-proliferation (Record no. 308249)

MARC details
000 -LEADER
fixed length control field 00823nam a2200217Ia 4500
008 - FIXED-LENGTH DATA ELEMENTS--GENERAL INFORMATION
fixed length control field 191130s2010##################000#0#eng##
020 ## - INTERNATIONAL STANDARD BOOK NUMBER
ISBN 9788171393640
082 ## - DEWEY DECIMAL CLASSIFICATION NUMBER
Classification number 327.174 SHR
245 ## - TITLE STATEMENT
Title World encyclopaedia of nuclear arms control and non-proliferation
Statement of responsibility, etc edited by Shriprakash Mani Tripathi, Surya Narain Yadav and Satyapralesh Mani Tripathi
260 ## - PUBLICATION, DISTRIBUTION, ETC. (IMPRINT)
Place of publication New Delhi
Name of publisher [publisher not identified]
Year of publication c2010
300 ## - PHYSICAL DESCRIPTION
Number of Pages xx, (713-1064) p. ; 23 cm.
650 ## - SUBJECT ADDED ENTRY--TOPICAL TERM
Topical Term Nuclear arms control
Topical Term Nuclear nonproliferation--International cooperation
Topical Term Nuclear weapons (International law)
700 ## - ADDED ENTRY--PERSONAL NAME
Personal name Tripathi, Satyapralesh Mani
Personal name Yadav, Surya Narain
991 ## -
-- 136772
Holdings
Withdrawn status Lost status Damaged status Not for loan Home library Current library Date acquired Full call number Accession Number Price effective from Koha item type Shelving location
        Anna Centenary Library Anna Centenary Library 15.10.2020 327.174 SHR 535885 15.10.2020 English Books  
        Anna Centenary Library Anna Centenary Library 15.10.2020 327.174 SHR 535886 15.10.2020 English Books 3RD FLOOR, B WING
        Anna Centenary Library Anna Centenary Library 15.10.2020 327.174 SHR 535887 15.10.2020 English Books 3RD FLOOR, B WING
        Anna Centenary Library Anna Centenary Library 15.10.2020 327.174 SHR 535888 15.10.2020 English Books 3RD FLOOR, B WING

Find us on the map